000 00672nam a2200217 a 4500
005 20240228063842.0
008 031007s2001 mx r 000 0 spa d
020 _a9701864816
035 _aUPN01000129645
049 _aI
050 4 _aPZ71
_bC3.7
100 1 _aCastillejos Peral, Silvia,
_d1957-
_934180
245 1 0 _aRaúl y Raúl /
_cSilvia Castillejos Peral ; il. Carlos Szymanski.
260 _aMéxico :
_bECO :
_bCNCA,
_c2001.
300 _a24 p. :
_bprincipalmente il. col.
440 3 _aEl sueño del dragón
650 4 _aCuentos infantiles
_96744
650 4 _aLibros y lectura para niños
_92290
700 1 _aSzymanski, Carlos,
_eil.
905 _aInfantil
999 _c101813
_d101813